Atlas of southern African birds (Registro nro. 1268)

Detalles MARC
000 -CABECERA
Campo de control 01011nam a2200325 a 4500
005 - FECHA Y HORA DE LA ULTIMA TRANSACCION
Campo de control 20180803164904.0
008 - ELEMENTOS DE LONGITUD FIJA—INFORMACION GENERAL
Campo de control 140226b1997 sa a fr|||| 00| 0 eng d
040 ## - FUENTE DE CATALOGACIÓN
Agencia catalogadora original CO-BoIAVH
Agencia transcriptora CO-BoIAVH
041 ## - IDIOMA
Código de idioma para texto/pista de sonido o título separado Inglés
082 #4 - NUMERO DE CLASIFICACION DECIMAL DEWEY
Número de clasificación 598.0968
Número del ítem H29b
090 ## - CLASIFICACIÓN LOCAL
Colección LB
Consecutivo 01259
100 ## - ASIENTO PRINCIPAL--NOMBRE PERSONAL
Nombre personal Harrington, J. L.
9 (RLIN) 11557
245 1# - MENCION DE TITULO
Título Atlas of southern African birds
Parte restante del título volume 1
Mención de responsabilidad BirdLife South Africa
260 ## - PUBLICACION, DISTRIBUCION, ETC. (PIE DE IMPRENTA)
Lugar de publicación, distribución, etc. Johannesburg
Nombre del editor, distribuidor, etc. BirdLife South Africa
-- Avian Demography Unit
Fecha de publicación, distribución, etc. 1997
300 ## - DESCRIPCION FISICA
Extensión 30 paginas.
Otros detalles físicos ilustraciones
Dimensiones 30 x 21 cm
650 #4 - ASIENTO SECUNDARIO DE MATERIA - TERMINO TEMATICO
Término temático o nombre geográfico como elemento de entrada Avifauna
9 (RLIN) 50128
650 #4 - ASIENTO SECUNDARIO DE MATERIA - TERMINO TEMATICO
Término temático o nombre geográfico como elemento de entrada Aves
Subdivisión geográfica Africa
9 (RLIN) 50129
650 #4 - ASIENTO SECUNDARIO DE MATERIA - TERMINO TEMATICO
Término temático o nombre geográfico como elemento de entrada Ornitología
9 (RLIN) 50130
650 #4 - ASIENTO SECUNDARIO DE MATERIA - TERMINO TEMATICO
Término temático o nombre geográfico como elemento de entrada Inventarios
9 (RLIN) 92201
650 #4 - ASIENTO SECUNDARIO DE MATERIA - TERMINO TEMATICO
Término temático o nombre geográfico como elemento de entrada Distribución geográfica
9 (RLIN) 50132
650 #4 - ASIENTO SECUNDARIO DE MATERIA - TERMINO TEMATICO
Término temático o nombre geográfico como elemento de entrada Métodos de campo
9 (RLIN) 3855
662 ## - ASIENTO SECUNDARIO DE MATERIA - JERARQUIA DEL NOMBRE DE LUGAR(
País o entidad mayor Sur Africa
700 1# - ASIENTO SECUNDARIO - NOMBRE PERSONAL
Nombre personal Allan, D. G.
9 (RLIN) 11563
700 1# - ASIENTO SECUNDARIO - NOMBRE PERSONAL
Nombre personal Brown, C. J.
9 (RLIN) 11564
700 1# - ASIENTO SECUNDARIO - NOMBRE PERSONAL
Nombre personal Parker, V.
9 (RLIN) 11565
700 1# - ASIENTO SECUNDARIO - NOMBRE PERSONAL
Nombre personal Tree, A, J,
9 (RLIN) 11566
700 ## - ASIENTO SECUNDARIO - NOMBRE PERSONAL
Nombre personal Herremans, M.
9 (RLIN) 11567
700 ## - ASIENTO SECUNDARIO - NOMBRE PERSONAL
Nombre personal Underhill, L. G.
9 (RLIN) 11568
942 ## - ELEMENTOS ADICIONALES (KOHA)
Tipo de ítem Libro
Sistema de clasificación Dewey Decimal Classification
Existencias
Withdrawn status Lost status Sistema de Clasificación Damaged status No para préstamo Colección Inventariado Ubicación Permanente Ubicación actual Fecha de adquisición Fuente de Valor Valor Total Checkouts Número topográfico Inventario / Código de Barras Date last seen Ejemplar Price effective from Forma de adquisición Tipo de material
    Dewey Decimal Classification     General Inventariado 2017 Bogotá Bogotá 01/05/1999 Instituto 30000.00   LB- 598.0968 H29b 001704 04/12/2012 Ej. 1 04/12/2012   Libro